Arcytrudne flagi dla Geomex - Statystyki

Ogólne statystyki
  • Ten quiz został rozwiązany 7 razy
  • Średni wynik to 2 z 16
Statystyki odpowiedzi
Obrazkowy Odpowiedź % Poprawnych
Kolorado
60%
Lombardia
60%
Split
60%
Olsztyn
20%
Syberia
20%
Buddyzm
0%
Coquimbo
0%
Hensbroek
0%
Liberland
0%
Magnitogorsk
0%
Majorka
0%
Markizy
0%
Pitcairn
0%
Tokio
0%
Wspólnota Karaibów
0%
Zagrożenie Biologiczne
0%
Nie znaleziono quizów pasujących do podanych kryteriów
Rozkład punktacji
Procent ludzi z każdym wynikiem
Percentyl według liczby udzielonych odpowiedzi
Twoja historia wyników
Nie rozwiązałeś tego quizu